| 000 | 00996nam a2200325 a 4500 | ||
|---|---|---|---|
| 005 | 20200104041512.0 | ||
| 008 | 140221b1997 ck ||||| |||| 00| 0 spa d | ||
| 040 |
_aCO-BoIAVH _cCO-BoIAVH |
||
| 041 | _aspa | ||
| 044 | _ack | ||
| 082 | 0 | 4 |
_a581.5 _bD53d |
| 090 |
_aLB _b00555 |
||
| 100 | 1 | _aSánchez-Páez, Heliodoro | |
| 245 | 1 | 0 | _aDiagnóstico y zonificación preliminar de los manglares del Caribe de Colombia |
| 260 |
_aBogotá _bMinambiente _c1997 |
||
| 300 |
_a511 p. _c30 cm. |
||
| 650 | 4 | _aManglar | |
| 650 | 4 | _aFunciónecológica | |
| 650 | 4 | _aInteracción ecológica | |
| 650 | 4 | _aMétodos de campo | |
| 650 | 4 | _aGeomorfología | |
| 650 | 4 | _aRecursos forestales | |
| 650 | 4 | _aHidrología | |
| 650 | 4 | _aSuelos | |
| 650 | 4 | _aRecursos pesqueros | |
| 700 | 1 | _aAlvarez-León, Ricardo | |
| 700 | 1 | _aPinto-Nolla, Francisco | |
| 700 | 1 | _aSánchez-Alférez, Ana Soledad | |
| 942 |
_cImpreso _2ddc |
||
| 999 |
_c573 _d573 |
||